[Event "Torquay Bloodworth op"]
[Site "Torquay"]
[Date "2019.09.02"]
[Round "2"]
[White "Mahoney, Nicholas"]
[Black "Pollard, Matthew B"]
[Result "1/2-1/2"]
[WhiteElo "1701"]
[BlackElo "1805"]
[PlyCount "85"]
[EventDate "2019.09.01"]
[EventType "swiss"]
[EventRounds "7"]
[EventCountry "ENG"]
[SourceTitle "CBM 192 Extra"]
[Source "Chessbase"]
[SourceDate "2019.11.06"]
[SourceVersion "1"]
[SourceVersionDate "2019.11.06"]
[SourceQuality "1"]

1. d4 Nf6 2. c4 c5 3. d5 b5 4. Nf3 g6 5. cxb5 a6 6. b6 Qxb6 7. Nc3 d6 8. g3 Bg7 9. Bg2 0-0 10. 0-0 Nbd7 11. Re1 Ng4 12. h3 Nge5 13. Nd2 f5 14. f4 Nf7 15. Qb3 Qa7 16. Nc4 Rb8 17. Qc2 Qc7 18. b3 Nd8 19. Bb2 Nb6 20. Rab1 Nxc4 21. bxc4 e5 22. dxe6 Bxe6 23. Nd5 Qf7 24. Bxg7 Rxb1 25. Rxb1 Qxg7 26. Qb2 Qxb2 27. Rxb2 Kg7 28. Rb6 Nf7 29. Rb7 a5 30. Nb6 Re8 31. Kf2 h6 32. a3 g5 33. Nd5 Kg6 34. e3 h5 35. h4 gxh4 36. gxh4 Nh6 37. e4 Ng4+ 38. Kg3 Bxd5 39. exd5 Re3+ 40. Bf3 Rxa3 41. Rb6 Rc3 42. Rxd6+ Nf6 43. Ra6 1/2-1/2

[Event "Torquay Paignton Rowena op"]
[Site "Torquay"]
[Date "2018.09.06"]
[Round "5"]
[White "Mahoney, Nicholas"]
[Black "Simpson, Kevin"]
[Result "1/2-1/2"]
[WhiteElo "1705"]
[BlackElo "176"]
[PlyCount "62"]
[EventDate "2018.09.02"]
[EventType "swiss"]
[EventRounds "7"]
[EventCountry "ENG"]
[SourceTitle "CBM 187 Extra"]
[Source "ChessBase"]
[SourceDate "2018.11.04"]
[SourceVersion "1"]
[SourceVersionDate "2018.11.04"]
[SourceQuality "1"]

1. d4 c5 2. d5 e5 3. e4 d6 4. Nc3 Be7 5. Bb5+ Nd7 6. f4 Bf6 7. Nf3 Qe7 8. 0-0 a6 9. fxe5 dxe5 10. d6 Qd8 11. Bc4 Nb6 12. Bxf7+ Kxf7 13. Nxe5+ Kf8 14. Ng4 Bxg4 15. Qxg4 Qxd6 16. Bf4 Qd7 17. Qf3 Bd4+ 18. Be3+ Nf6 19. e5 Bxe3+ 20. Qxe3 Qd4 21. Rae1 Qxe3+ 22. Rxe3 Re8 23. Ree1 Nbd7 24. exf6 Nxf6 25. Ne4 Re5 26. Nxf6 Rxe1 27. Nxh7+ Kg8 28. Rxe1 Kxh7 29. Re5 Rc8 30. Kf2 Kg6 31. a4 Kf6 1/2-1/2

[Event "Doncaster 4NCL op-B 18th"]
[Site "Doncaster"]
[Date "2018.04.14"]
[Round "2.16"]
[White "Mahoney, Nicholas"]
[Black "Bagley, Andy J"]
[Result "0-1"]
[WhiteElo "1707"]
[BlackElo "1877"]
[PlyCount "64"]
[EventDate "2018.04.13"]
[EventType "swiss"]
[EventRounds "5"]
[EventCountry "ENG"]
[SourceTitle "EXT 2023"]
[Source "ChessBase"]
[SourceDate "2022.10.05"]
[SourceVersion "1"]
[SourceVersionDate "2022.10.05"]
[SourceQuality "1"]

1. d4 e6 2. c4 d5 3. Nc3 c6 4. e4 Bb4 5. e5 c5 6. dxc5 d4 7. a3 Ba5 8. b4 dxc3 9. Qg4 Ne7 10. Bg5 Bc7 11. Rd1 Bd7 12. Nf3 Nbc6 13. Qe4 h6 14. Be3 Ng6 15. Rd6 Bxd6 16. cxd6 f5 17. exf6 Qxf6 18. Bd3 Qf5 19. 0-0 Qxe4 20. Bxe4 Kf7 21. Rc1 Rac8 22. Rxc3 b6 23. h3 Nce5 24. Nd2 Bc6 25. Bxc6 Rxc6 26. c5 Rhc8 27. Ne4 Nd7 28. b5 Rxc5 29. Bxc5 bxc5 30. Kf1 Ngf8 31. Ke2 Nh7 32. f4 Nhf6 0-1

[Event "BCF-chT3N 1718 (4NCL)"]
[Site "England"]
[Date "2018.03.17"]
[Round "7.104"]
[White "Newell, David F"]
[Black "Mahoney, Nicholas"]
[Result "1/2-1/2"]
[WhiteElo "1794"]
[BlackElo "1707"]
[PlyCount "77"]
[EventDate "2017.11.11"]
[EventType "team-swiss"]
[EventRounds "11"]
[EventCountry "ENG"]
[SourceTitle "EXT 2020"]
[Source "ChessBase"]
[SourceDate "2019.10.17"]
[SourceVersion "1"]
[SourceVersionDate "2019.10.17"]
[SourceQuality "1"]
[WhiteTeam "Manchester Manticores IV"]
[BlackTeam "Bradford DCA Knights III"]
[WhiteTeamCountry "ENG"]
[BlackTeamCountry "ENG"]

1. Nf3 g6 2. g3 c5 3. c4 Nc6 4. Bg2 Bg7 5. Nc3 d6 6. 0-0 e5 7. d3 Nge7 8. e3 0-0 9. Ne1 Be6 10. Nd5 Qd7 11. Nc2 Rab8 12. Rb1 b5 13. b3 a6 14. Bd2 b4 15. Bc1 a5 16. Bb2 Bh3 17. Nxe7+ Nxe7 18. d4 Bxg2 19. Kxg2 Qc6+ 20. d5 Qd7 21. e4 f5 22. f3 fxe4 23. fxe4 Rxf1 24. Qxf1 Rf8 25. Qe2 Bh6 26. Ne3 Bxe3 27. Qxe3 Qg4 28. Ra1 g5 29. h3 Qh5 30. a3 g4 31. hxg4 Qxg4 32. Rf1 Rxf1 33. Kxf1 Qd1+ 34. Kf2 Qc2+ 35. Qe2 Qxb3 36. axb4 axb4 37. Qg4+ Ng6 38. Qe6+ Kg7 39. Qd7+ 1/2-1/2

[Event "BCF-chT3N 1617 (4NCL)"]
[Site "England"]
[Date "2017.02.12"]
[Round "6.86"]
[White "Mahoney, Nicholas"]
[Black "Graham, Neil"]
[Result "1/2-1/2"]
[WhiteElo "1714"]
[BlackElo "1814"]
[PlyCount "33"]
[EventDate "2016.11.26"]
[EventType "team-swiss"]
[EventRounds "11"]
[EventCountry "ENG"]
[SourceTitle "EXT 2019"]
[Source "ChessBase"]
[SourceDate "2018.10.10"]
[SourceVersion "1"]
[SourceVersionDate "2018.10.10"]
[SourceQuality "1"]
[WhiteTeam "Bradford DCA Knights III"]
[BlackTeam "Ashfield Breadsall II"]
[WhiteTeamCountry "ENG"]
[BlackTeamCountry "ENG"]

1. d4 d5 2. Nf3 Bf5 3. c4 e6 4. Nc3 Nf6 5. Qb3 b6 6. cxd5 exd5 7. Bg5 c6 8. Ne5 h6 9. Bh4 Be6 10. e3 Be7 11. Rc1 Nfd7 12. Bg3 Nxe5 13. Bxe5 0-0 14. Bd3 Nd7 15. Bg3 Nf6 16. Bb1 Qd7 17. 0-0 1/2-1/2

[Event "BCF-chT3N 1617 (4NCL)"]
[Site "England"]
[Date "2017.02.11"]
[Round "5.95"]
[White "Mahoney, Nicholas"]
[Black "Denisov, Denis1111"]
[Result "1/2-1/2"]
[WhiteElo "1714"]
[BlackElo "1757"]
[PlyCount "45"]
[EventDate "2016.11.26"]
[EventType "team-swiss"]
[EventRounds "11"]
[EventCountry "ENG"]
[SourceTitle "EXT 2019"]
[Source "ChessBase"]
[SourceDate "2018.10.10"]
[SourceVersion "1"]
[SourceVersionDate "2018.10.10"]
[SourceQuality "1"]
[WhiteTeam "Bradford DCA Knights III"]
[BlackTeam "3CS Oldham III"]
[WhiteTeamCountry "ENG"]
[BlackTeamCountry "ENG"]

1. d4 Nf6 2. c4 e6 3. Nf3 Bb4+ 4. Bd2 Qe7 5. g3 Ne4 6. a3 Bxd2+ 7. Nfxd2 Nxd2 8. Qxd2 d5 9. Bg2 c6 10. 0-0 0-0 11. Qc3 f5 12. e3 Nd7 13. Nd2 Nf6 14. f3 Re8 15. Rae1 e5 16. dxe5 Qxe5 17. Qxe5 Rxe5 18. e4 fxe4 19. fxe4 dxe4 20. Nxe4 Nxe4 21. Bxe4 Re6 22. Rd1 Re8 23. Rde1 1/2-1/2

[Event "BCF-ch Seniors 50"]
[Site "Bournemouth"]
[Date "2016.08.04"]
[Round "6"]
[White "Mahoney, Nicholas"]
[Black "Calvert, John C"]
[Result "1-0"]
[WhiteElo "1748"]
[BlackElo "1552"]
[PlyCount "113"]
[EventDate "2016.07.30"]
[EventType "swiss"]
[EventRounds "7"]
[EventCountry "ENG"]
[SourceTitle "CBM 173 Extra"]
[Source "ChessBase"]
[SourceDate "2016.08.29"]
[SourceVersion "1"]
[SourceVersionDate "2016.08.29"]
[SourceQuality "1"]

1. d4 Nf6 2. Nf3 d5 3. c4 c6 4. Nc3 g6 5. e3 Bg7 6. Be2 0-0 7. 0-0 Nbd7 8. Qc2 Re8 9. cxd5 cxd5 10. Bb5 e6 11. h3 b6 12. Bc6 Rb8 13. Ne5 Bf8 14. Qa4 a6 15. Qd1 Bb7 16. f4 Re7 17. Bxb7 Rxb7 18. Nc6 Qc8 19. Nxe7+ Bxe7 20. a3 Bf8 21. Bd2 Rc7 22. Rc1 Nh5 23. Ne2 Ng7 24. Rxc7 Qxc7 25. Qc1 Qb7 26. Be1 Nf5 27. g4 Ne7 28. Bb4 Nb8 29. Bxe7 Bxe7 30. g5 Nc6 31. Qc2 Na5 32. Kf2 Nc4 33. Rc1 Kg7 34. Ng1 Bd6 35. Nf3 Be7 36. Nd2 b5 37. Nxc4 bxc4 38. h4 Bd6 39. Rh1 Qd7 40. h5 Qe8 41. Kf3 Qd7 42. hxg6 fxg6 43. Rh6 Qe8 44. Qh2 Qh8 45. Qh3 Qg8 46. Ke2 Be7 47. Kd2 Bd6 48. Kc2 Be7 49. e4 Bd6 50. f5 exf5 51. exf5 Be7 52. f6+ Bxf6 53. gxf6+ Kxf6 54. Rxh7 Qe8 55. Qh4+ Kf5 56. Kd2 Qb5 57. Rf7+ 1-0

[Event "BCF-ch Seniors 50 U150 /1750"]
[Site "Bournemouth"]
[Date "2016.07.29"]
[Round "5"]
[White "Gunn, Michael J"]
[Black "Mahoney, Nicholas"]
[Result "1/2-1/2"]
[WhiteElo "1647"]
[BlackElo "1748"]
[PlyCount "51"]
[EventDate "2016.07.25"]
[EventType "swiss"]
[EventRounds "5"]
[EventCountry "ENG"]
[SourceTitle "EXT 2019"]
[Source "ChessBase"]
[SourceDate "2018.10.10"]
[SourceVersion "1"]
[SourceVersionDate "2018.10.10"]
[SourceQuality "1"]

1. c4 Nf6 2. g3 c6 3. Bg2 d5 4. cxd5 cxd5 5. d4 Nc6 6. Nc3 a6 7. Nf3 h6 8. a3 Bf5 9. b4 e6 10. Bb2 Be7 11. 0-0 0-0 12. Rc1 Rc8 13. e3 Re8 14. Nh4 Bh7 15. f4 Ne4 16. Nf3 Nxc3 17. Rxc3 Na7 18. Qd2 Nb5 19. Rxc8 Qxc8 20. Rc1 Qb8 21. Ne5 Rc8 22. Kf2 Rxc1 23. Qxc1 Qc7 24. Qxc7 Nxc7 25. Bf1 b5 26. Nd7 1/2-1/2

[Event "BCF-ch Seniors 50 U150 /1750"]
[Site "Bournemouth"]
[Date "2016.07.28"]
[Round "4"]
[White "Mahoney, Nicholas"]
[Black "Fraser, Chris A"]
[Result "1-0"]
[WhiteElo "1748"]
[BlackElo "1307"]
[PlyCount "71"]
[EventDate "2016.07.25"]
[EventType "swiss"]
[EventRounds "5"]
[EventCountry "ENG"]
[SourceTitle "EXT 2019"]
[Source "ChessBase"]
[SourceDate "2018.10.10"]
[SourceVersion "1"]
[SourceVersionDate "2018.10.10"]
[SourceQuality "1"]

1. d4 Nf6 2. Bg5 c5 3. d5 Ne4 4. Bf4 d6 5. f3 Nf6 6. e4 Nbd7 7. c4 g6 8. Nc3 Bg7 9. Be3 0-0 10. Nh3 Nb6 11. Nf2 Ne8 12. Qd2 f5 13. Be2 fxe4 14. Nfxe4 Bf5 15. 0-0 Nf6 16. Ng5 Qc8 17. Rae1 h6 18. Nge4 Nxe4 19. Nxe4 Kh7 20. Ng3 Bd7 21. Bd3 Be8 22. Nh5 Rh8 23. Nxg7 Kxg7 24. Qc2 Qd7 25. b3 Bf7 26. Bd2 Qe8 27. Bc3+ Kh7 28. Re2 Rg8 29. Rfe1 Nc8 30. f4 Qd7 31. f5 a5 32. Re6 Qe8 33. Qd2 b6 34. a4 Ra7 35. h4 h5 36. Qg5 1-0

[Event "BCF-ch U140"]
[Site "Coventry"]
[Date "2015.07.28"]
[Round "2"]
[White "Emmerton, Stephen J"]
[Black "Mahoney, Nicholas"]
[Result "1/2-1/2"]
[WhiteElo "126"]
[BlackElo "1753"]
[PlyCount "39"]
[EventDate "2015.07.27"]
[EventType "swiss"]
[EventRounds "5"]
[EventCountry "ENG"]
[SourceTitle "EXT 2016"]
[Source "ChessBase"]
[SourceDate "2015.10.08"]
[SourceVersion "1"]
[SourceVersionDate "2015.10.08"]
[SourceQuality "1"]

1. Nf3 d6 2. g3 e5 3. d3 f5 4. e4 Nf6 5. Nc3 c6 6. Bg2 Be7 7. 0-0 0-0 8. Bg5 Nxe4 9. Bxe7 Nxc3 10. Bxd8 Nxd1 11. Be7 Re8 12. Bxd6 Nxb2 13. Nxe5 Re6 14. Ba3 Rxe5 15. Bxb2 Re8 16. Rfe1 Rxe1+ 17. Rxe1 Kf7 18. Ba3 Be6 19. c4 Nd7 20. f4 1/2-1/2

[Event "BCF-ch Major op"]
[Site "Aberystwyth"]
[Date "2014.07.30"]
[Round "9"]
[White "Mahoney, Nicholas"]
[Black "Shepherd, Katherine M"]
[Result "1/2-1/2"]
[WhiteElo "1764"]
[BlackElo "1787"]
[PlyCount "125"]
[EventDate "2014.07.21"]
[EventType "swiss"]
[EventRounds "11"]
[EventCountry "WLS"]
[SourceTitle "EXT 2017"]
[Source "ChessBase"]
[SourceDate "2016.10.25"]
[SourceVersion "1"]
[SourceVersionDate "2016.10.25"]
[SourceQuality "1"]

1. Nf3 d5 2. d4 Nf6 3. c4 c6 4. Nc3 e6 5. e3 Nbd7 6. Qc2 Bd6 7. Bd3 0-0 8. 0-0 dxc4 9. Bxc4 e5 10. dxe5 Nxe5 11. Be2 Nfg4 12. Nxe5 Nxe5 13. e4 Qh4 14. f4 Bc5+ 15. Kh1 Ng4 16. Bxg4 Bxg4 17. Bd2 Rfd8 18. Be1 Qe7 19. h3 Be6 20. Bf2 Bc4 21. Bxc5 Qxc5 22. Na4 Qd4 23. Rfe1 Bd3 24. Qd1 Bxe4 25. Qxd4 Rxd4 26. Nc3 f5 27. Rad1 Rad8 28. Rxd4 Rxd4 29. Re2 Kf7 30. Kh2 Bd3 31. Rd2 c5 32. g3 a6 33. Kg1 Ke6 34. Kf2 b5 35. Ke3 Bf1 36. Rxd4 cxd4+ 37. Kxd4 Bxh3 38. Kc5 Bf1 39. b4 h6 40. Kb6 Kd6 41. Kxa6 Kc6 42. Ka5 g5 43. a4 bxa4 44. fxg5 hxg5 45. Kxa4 g4 46. b5+ Kc5 47. Ka5 Kd4 48. b6 Bg2 49. Nb5+ Ke5 50. Kb4 f4 51. gxf4+ Kxf4 52. Nd4 Be4 53. Kc3 Ke5 54. Ne2 Kd6 55. Kd4 Bf5 56. Kc4 Bc8 57. Kd4 Kc6 58. Ke5 Kxb6 59. Kf4 Kc5 60. Ng3 Kd4 61. Nh5 Kd3 62. Nf6 Bf5 63. Nxg4 1/2-1/2